<?xml version="1.0" encoding="UTF-8"?>
<record
    xmlns:xsi="http://www.w3.org/2001/XMLSchema-instance"
    xsi:schemaLocation="http://www.loc.gov/MARC21/slim http://www.loc.gov/standards/marcxml/schema/MARC21slim.xsd"
    xmlns="http://www.loc.gov/MARC21/slim">

  <leader>00933nam a2200265 c 4500</leader>
  <controlfield tag="001">a5576597</controlfield>
  <controlfield tag="003">CO-ViMGA</controlfield>
  <controlfield tag="005">20230915224039.0</controlfield>
  <controlfield tag="008">141121s2014    sp a   | |||| 000 1 spa  </controlfield>
  <datafield tag="020" ind1=" " ind2=" ">
    <subfield code="a">9788490248447</subfield>
  </datafield>
  <datafield tag="040" ind1=" " ind2=" ">
    <subfield code="a">CO-ViMGA</subfield>
    <subfield code="b">spa</subfield>
    <subfield code="c">CO-ViMGA</subfield>
  </datafield>
  <datafield tag="041" ind1="1" ind2=" ">
    <subfield code="h">eng</subfield>
  </datafield>
  <datafield tag="082" ind1=" " ind2=" ">
    <subfield code="a">741.5</subfield>
    <subfield code="b">W14c</subfield>
  </datafield>
  <datafield tag="100" ind1="1" ind2=" ">
    <subfield code="a">Waid, Mark</subfield>
    <subfield code="d">1962-</subfield>
    <subfield code="9">9105</subfield>
  </datafield>
  <datafield tag="245" ind1="1" ind2="3">
    <subfield code="a">El camino del guerrero /</subfield>
    <subfield code="c">Waid, Samnee, Rodr&#xED;guez ; [Gonzalo Quesada, traducci&#xF3;n]</subfield>
  </datafield>
  <datafield tag="260" ind1=" " ind2=" ">
    <subfield code="a">Torroella de Montgr&#xED;, Girona</subfield>
    <subfield code="b">Panini Comics ;</subfield>
    <subfield code="a">Barcelona</subfield>
    <subfield code="b">distribuci&#xF3;n, SD Distribuciones</subfield>
    <subfield code="c">D.L. 2014.</subfield>
  </datafield>
  <datafield tag="300" ind1=" " ind2=" ">
    <subfield code="a">176 p.</subfield>
    <subfield code="b">principalmente il. col.</subfield>
    <subfield code="c">26 cm.</subfield>
  </datafield>
  <datafield tag="490" ind1="0" ind2=" ">
    <subfield code="a">Colecci&#xF3;n 100 % Marvel</subfield>
  </datafield>
  <datafield tag="490" ind1="0" ind2=" ">
    <subfield code="a">Daredevil, &#x141;el hombre sin miedo!</subfield>
    <subfield code="v">5</subfield>
  </datafield>
  <datafield tag="650" ind1="1" ind2="4">
    <subfield code="a"> Tiras comicas, historietas, etc.</subfield>
    <subfield code="9">2479</subfield>
  </datafield>
  <datafield tag="650" ind1="1" ind2="4">
    <subfield code="a">Comics   </subfield>
    <subfield code="9">284</subfield>
  </datafield>
  <datafield tag="700" ind1="1" ind2=" ">
    <subfield code="a">Rodr&#xED;guez, Javier</subfield>
    <subfield code="d">1972-</subfield>
    <subfield code="e">dibujante</subfield>
    <subfield code="4">art</subfield>
    <subfield code="9">9107</subfield>
  </datafield>
  <datafield tag="700" ind1="1" ind2=" ">
    <subfield code="a">Samnee, Chris</subfield>
    <subfield code="e">dibujante</subfield>
    <subfield code="4">art</subfield>
    <subfield code="9">9106</subfield>
  </datafield>
  <datafield tag="942" ind1=" " ind2=" ">
    <subfield code="2">ddc</subfield>
    <subfield code="c">BK</subfield>
  </datafield>
  <datafield tag="999" ind1=" " ind2=" ">
    <subfield code="c">11145</subfield>
    <subfield code="d">11145</subfield>
  </datafield>
  <datafield tag="952" ind1=" " ind2=" ">
    <subfield code="0">0</subfield>
    <subfield code="1">0</subfield>
    <subfield code="2">ddc</subfield>
    <subfield code="4">0</subfield>
    <subfield code="5">1</subfield>
    <subfield code="7">0</subfield>
    <subfield code="8">001</subfield>
    <subfield code="a">MEVIGAEMP</subfield>
    <subfield code="b">MEVIGAEMP</subfield>
    <subfield code="d">2017-05-02</subfield>
    <subfield code="l">0</subfield>
    <subfield code="o">741.5  W14c</subfield>
    <subfield code="p">031952</subfield>
    <subfield code="r">2019-03-18 00:00:00</subfield>
    <subfield code="w">2017-05-02</subfield>
    <subfield code="y">BK</subfield>
  </datafield>
</record>
